[Event "Barcelona Sant Marti op 9th"]
[Site "Barcelona"]
[Date "2020.03.05"]
[Round "8"]
[White "Serentill Tost, Eduard"]
[Black "Farre Buil, Carles"]
[Result "0-1"]
[WhiteElo "1606"]
[BlackElo "1761"]
[PlyCount "42"]
[EventDate "2020.01.16"]
[EventType "swiss"]
[EventRounds "9"]
[EventCountry "ESP"]
[SourceTitle "CBM 195 Extra"]
[Source "ChessBase"]
[SourceDate "2020.05.31"]
[SourceVersion "1"]
[SourceVersionDate "2020.05.31"]
[SourceQuality "1"]

1. e4 c5 2. Nf3 Nc6 3. d4 cxd4 4. Nxd4 g6 5. c4 Nf6 6. Nc3 d6 7. Be2 Nxd4 8. Qxd4 Bg7 9. 0-0 0-0 10. Qd1 Bd7 11. Be3 Bc6 12. f3 a5 13. b3 Ng4 14. Bd4 Bxd4+ 15. Qxd4 e5 16. Qd2 Qb6+ 17. Kh1 Nf2+ 18. Rxf2 Qxf2 19. Qxd6 Qe3 20. Qxe5 Rfe8 21. Nd5 Bxd5 0-1

[Event "Barcelona Sant Marti op 9th"]
[Site "Barcelona"]
[Date "2020.02.27"]
[Round "7"]
[White "Parayre Soguero, Jordi"]
[Black "Serentill Tost, Eduard"]
[Result "1-0"]
[WhiteElo "1890"]
[BlackElo "1606"]
[PlyCount "39"]
[EventDate "2020.01.16"]
[EventType "swiss"]
[EventRounds "9"]
[EventCountry "ESP"]
[SourceTitle "CBM 195 Extra"]
[Source "ChessBase"]
[SourceDate "2020.05.31"]
[SourceVersion "1"]
[SourceVersionDate "2020.05.31"]
[SourceQuality "1"]

1. d4 Nf6 2. Bg5 g6 3. Bxf6 exf6 4. e3 Bg7 5. h4 d6 6. h5 f5 7. Nc3 Nc6 8. Nge2 Bd7 9. Nf4 Ne7 10. Qf3 c6 11. 0-0-0 Qb6 12. Qg3 0-0-0 13. Bc4 d5 14. Bxd5 Rdf8 15. Bb3 Ng8 16. hxg6 hxg6 17. Rxh8 Bxh8 18. Rh1 Nf6 19. Bxf7 Qd8 20. Ne6 1-0

[Event "Barcelona Sant Marti op 9th"]
[Site "Barcelona"]
[Date "2020.02.20"]
[Round "6"]
[White "Serentill Tost, Eduard"]
[Black "Busom Isach, Carlos"]
[Result "1/2-1/2"]
[WhiteElo "1606"]
[BlackElo "2060"]
[PlyCount "69"]
[EventDate "2020.01.16"]
[EventType "swiss"]
[EventRounds "9"]
[EventCountry "ESP"]
[SourceTitle "CBM 195 Extra"]
[Source "ChessBase"]
[SourceDate "2020.05.31"]
[SourceVersion "1"]
[SourceVersionDate "2020.05.31"]
[SourceQuality "1"]

1. e4 e5 2. Nf3 Nc6 3. Bb5 a6 4. Ba4 Nf6 5. 0-0 Be7 6. Re1 b5 7. Bb3 d6 8. c3 0-0 9. h3 Nb8 10. d4 Nbd7 11. Nbd2 Bb7 12. Bc2 Re8 13. Nf1 Bf8 14. Ng3 g6 15. Bd2 Bg7 16. Qc1 Qe7 17. Bh6 Qf8 18. Bxg7 Qxg7 19. a4 c5 20. dxe5 dxe5 21. axb5 axb5 22. b4 Rxa1 23. Qxa1 Ra8 24. Qb2 Qf8 25. bxc5 Qxc5 26. Qb4 Rc8 27. Bd3 Qxc3 28. Qxc3 Rxc3 29. Bxb5 Kf8 30. Bxd7 Nxd7 31. Nh2 h5 32. f3 Nc5 33. Ne2 Rc2 34. Rc1 Rxc1+ 35. Nxc1 1/2-1/2

[Event "Sabadell op-C 12th"]
[Site "Sabadell"]
[Date "2019.09.08"]
[Round "7.15"]
[White "Serentill Tost, Eduard"]
[Black "Tortosa Moros, Joan"]
[Result "1/2-1/2"]
[WhiteElo "1604"]
[BlackElo "1647"]
[PlyCount "59"]
[EventDate "2019.09.02"]
[EventType "swiss"]
[EventRounds "9"]
[EventCountry "ESP"]
[SourceTitle "EXT 2024"]
[Source "ChessBase"]
[SourceDate "2023.10.10"]
[SourceVersion "1"]
[SourceVersionDate "2023.10.10"]
[SourceQuality "1"]

1. e4 c5 2. Nf3 Nc6 3. d4 cxd4 4. Nxd4 g6 5. Nc3 Bg7 6. Be3 Nf6 7. Bc4 Qa5 8. 0-0 0-0 9. h3 d6 10. Qd2 Bd7 11. Nxc6 Bxc6 12. f3 Qc7 13. Nb5 Bxb5 14. Bxb5 a6 15. Ba4 b5 16. Bb3 Nd7 17. c3 Nc5 18. Bc2 Rac8 19. Bd4 Bxd4+ 20. cxd4 Nd7 21. Rac1 Qb6 22. Kh1 a5 23. Bb1 b4 24. f4 Nf6 25. Qe3 e5 26. fxe5 dxe5 27. Rxc8 Rxc8 28. Qg5 Nd7 29. Qe7 Qe6 30. Qxe6 1/2-1/2

[Event "Barcelona Sants op 21st"]
[Site "Barcelona"]
[Date "2019.08.26"]
[Round "4"]
[White "Ani, Virgil"]
[Black "Serentill Tost, Eduard"]
[Result "0-1"]
[WhiteElo "1500"]
[BlackElo "1621"]
[PlyCount "88"]
[EventDate "2019.08.23"]
[EventType "swiss"]
[EventRounds "10"]
[EventCountry "ESP"]
[SourceTitle "EXT 2020"]
[Source "ChessBase"]
[SourceDate "2019.10.17"]
[SourceVersion "1"]
[SourceVersionDate "2019.10.17"]
[SourceQuality "1"]

1. a3 g6 2. d4 Bg7 3. Nf3 Nf6 4. Nc3 0-0 5. e4 d6 6. h3 b6 7. Bc4 Bb7 8. Bd5 Nxd5 9. exd5 Nd7 10. Bg5 h6 11. Bh4 Nf6 12. Bxf6 Bxf6 13. 0-0 Qd7 14. Qd2 Bg7 15. Rfe1 c6 16. Ne2 cxd5 17. c3 e5 18. dxe5 dxe5 19. Ng3 Rfe8 20. Rad1 Rad8 21. Kh1 d4 22. Nh2 Kh7 23. f3 Qc6 24. Qd3 dxc3 25. Qxc3 Qxc3 26. bxc3 Bc6 27. Ng4 f5 28. Nf2 Rd5 29. Rxd5 Bxd5 30. Rd1 Bc4 31. Rd7 a5 32. h4 h5 33. Nd1 Bb3 34. Nb2 Kh6 35. Rd6 Re6 36. Rxe6 Bxe6 37. Ne2 Bf8 38. Na4 b5 39. Nb6 Bxa3 40. f4 Bc5 41. Na8 e4 42. Nc7 Bc4 43. Nd4 e3 44. Kg1 a4 0-1

[Event "Sant Adria de Besos op-B 3rd"]
[Site "Sant Adria de Besos"]
[Date "2019.08.18"]
[Round "5"]
[White "Medina Garcia, Mariano"]
[Black "Serentill Tost, Eduard"]
[Result "1-0"]
[WhiteElo "1774"]
[BlackElo "1621"]
[PlyCount "69"]
[EventDate "2019.08.14"]
[EventType "swiss"]
[EventRounds "9"]
[EventCountry "ESP"]
[SourceTitle "EXT 2020"]
[Source "ChessBase"]
[SourceDate "2019.10.17"]
[SourceVersion "1"]
[SourceVersionDate "2019.10.17"]
[SourceQuality "1"]

1. e4 c6 2. d4 d5 3. e5 Bf5 4. Be2 e6 5. c3 Nd7 6. Nf3 h6 7. Nbd2 Ne7 8. Nf1 Bh7 9. Bd3 Bxd3 10. Qxd3 Qb6 11. Ng3 g6 12. 0-0 Bg7 13. Be3 Nf5 14. Nxf5 gxf5 15. b4 Qc7 16. a4 Nb6 17. Nd2 0-0-0 18. a5 Nd7 19. Nb3 Rdg8 20. b5 cxb5 21. Qxb5 Qc6 22. Qxc6+ bxc6 23. f4 f6 24. Ra2 Kc7 25. Rb2 Rb8 26. Rfb1 Rb7 27. Kf2 Rhb8 28. Bc1 Bf8 29. Nd2 Rxb2 30. Rxb2 Rxb2 31. Bxb2 c5 32. Ke2 c4 33. Ke3 Kc6 34. Kf2 Be7 35. Kg3 1-0

[Event "Sant Adria de Besos op-B 3rd"]
[Site "Sant Adria de Besos"]
[Date "2019.08.17"]
[Round "4"]
[White "Serentill Tost, Eduard"]
[Black "Farre Buil, Carles"]
[Result "1/2-1/2"]
[WhiteElo "1621"]
[BlackElo "1736"]
[PlyCount "33"]
[EventDate "2019.08.14"]
[EventType "swiss"]
[EventRounds "9"]
[EventCountry "ESP"]
[SourceTitle "EXT 2020"]
[Source "ChessBase"]
[SourceDate "2019.10.17"]
[SourceVersion "1"]
[SourceVersionDate "2019.10.17"]
[SourceQuality "1"]

1. e4 c5 2. Nf3 Nc6 3. d4 cxd4 4. Nxd4 g6 5. Nc3 Bg7 6. Be3 Nf6 7. Bc4 Qa5 8. Nxc6 dxc6 9. f3 Nxe4 10. fxe4 Bxc3+ 11. Bd2 Bxd2+ 12. Qxd2 Qxd2+ 13. Kxd2 e5 14. Raf1 Rf8 15. Rf6 Be6 16. Bxe6 Ke7 17. Rxf7+ 1/2-1/2

[Event "Barcelona Sant Marti op-B 21st"]
[Site "Barcelona"]
[Date "2019.07.19"]
[Round "7"]
[White "Gonzalez Canovas, Sebastian"]
[Black "Serentill Tost, Eduard"]
[Result "1-0"]
[WhiteElo "1574"]
[BlackElo "1714"]
[PlyCount "111"]
[EventDate "2019.07.13"]
[EventType "swiss"]
[EventRounds "9"]
[EventCountry "ESP"]
[SourceTitle "EXT 2020"]
[Source "ChessBase"]
[SourceDate "2019.10.17"]
[SourceVersion "1"]
[SourceVersionDate "2019.10.17"]
[SourceQuality "1"]

1. d4 Nf6 2. Bf4 g6 3. h3 Bg7 4. e3 d6 5. Nf3 0-0 6. Be2 Nbd7 7. 0-0 c5 8. c3 cxd4 9. exd4 a6 10. Nbd2 b5 11. b4 Nd5 12. Bh2 Nxc3 13. Qe1 Nxe2+ 14. Qxe2 Bb7 15. Rfe1 Re8 16. Rac1 Nb6 17. Rc2 Nd5 18. a3 Qb6 19. Nb3 Rac8 20. Rec1 Rxc2 21. Rxc2 Rc8 22. Na5 Rxc2 23. Qxc2 Nc7 24. Nxb7 Qxb7 25. Bf4 Ne6 26. Be3 f5 27. Qb3 d5 28. g3 Nd8 29. Bf4 e6 30. Qe3 Qc6 31. g4 Nf7 32. Kh2 h6 33. gxf5 exf5 34. h4 Kh7 35. Qe7 Qf6 36. Qd7 g5 37. hxg5 hxg5 38. Be5 Qh6+ 39. Kg2 Nxe5 40. Nxe5 Qf6 41. Qxd5 Kh6 42. Kf1 g4 43. Nf7+ Kg6 44. Ne5+ Kh6 45. Nf7+ Kh5 46. Ne5 Bf8 47. Qb3 Kg5 48. Qg8+ Qg7 49. Qb3 Bd6 50. Nf7+ Kh5 51. Nxd6 Kg5 52. Qe3+ f4 53. Qe4 Qf6 54. Ne8 Qh6 55. Qe5+ Kh4 56. Qf6+ 1-0

[Event "Barcelona Sant Marti op-B 21st"]
[Site "Barcelona"]
[Date "2019.07.15"]
[Round "3"]
[White "Morales Rubiella, Albert"]
[Black "Serentill Tost, Eduard"]
[Result "0-1"]
[WhiteElo "1420"]
[BlackElo "1714"]
[PlyCount "105"]
[EventDate "2019.07.13"]
[EventType "swiss"]
[EventRounds "9"]
[EventCountry "ESP"]
[SourceTitle "EXT 2020"]
[Source "ChessBase"]
[SourceDate "2019.10.17"]
[SourceVersion "1"]
[SourceVersionDate "2019.10.17"]
[SourceQuality "1"]

1. d4 Nf6 2. Nf3 g6 3. c4 Bg7 4. Nc3 0-0 5. Bg5 h6 6. Bh4 d6 7. e4 Nbd7 8. Be2 a6 9. Qd2 c5 10. 0-0 g5 11. Bg3 Nh5 12. dxc5 Nxg3 13. hxg3 Nxc5 14. Rfd1 Bg4 15. Nd4 Bxe2 16. Ndxe2 Rc8 17. Nd4 Nd7 18. b3 Nc5 19. Rac1 Qd7 20. Nf5 Qe6 21. Nxg7 Kxg7 22. Qd4+ f6 23. b4 Nd7 24. Nd5 Qe5 25. Qxe5 Nxe5 26. c5 Kf7 27. cxd6 exd6 28. Nb6 Rxc1 29. Rxc1 Ke6 30. Kf1 Rf7 31. Ke2 f5 32. f4 gxf4 33. gxf4 Ng6 34. Rc4 Nxf4+ 35. Kf3 Nd3 36. Ke3 fxe4 37. Rd4 Nc1 38. Kxe4 Rf2 39. Nc8 d5+ 40. Rxd5 Rf4+ 41. Kxf4 Kxd5 42. Ne7+ Ke6 43. Nf5 Nxa2 44. Nxh6 Nxb4 45. g4 a5 46. g5 a4 47. Nf5 Nc6 48. g6 a3 49. g7 Kf7 50. Nh6+ Kxg7 51. Nf5+ Kf6 52. Ne3 Nb4 53. Nd5+ 0-1

[Event "Barcelona Sant Marti op 8th"]
[Site "Barcelona"]
[Date "2019.01.17"]
[Round "1"]
[White "Morales Montalban, Miguel"]
[Black "Serentill Tost, Eduard"]
[Result "1-0"]
[WhiteElo "1953"]
[BlackElo "1669"]
[PlyCount "71"]
[EventDate "2019.01.17"]
[EventType "swiss"]
[EventRounds "9"]
[EventCountry "ESP"]
[SourceTitle "CBM 189 Extra"]
[Source "ChessBase"]
[SourceDate "2019.06.03"]
[SourceVersion "1"]
[SourceVersionDate "2019.06.03"]
[SourceQuality "1"]

1. Nf3 Nf6 2. c4 g6 3. Nc3 Bg7 4. d4 0-0 5. e4 d6 6. Be2 e5 7. d5 Nbd7 8. Bg5 h6 9. Bh4 a5 10. Nd2 Nc5 11. 0-0 Bd7 12. Rc1 Qc8 13. b3 Nh7 14. a3 f5 15. f3 Nf6 16. b4 axb4 17. axb4 Na6 18. Qb3 c5 19. dxc6 bxc6 20. c5+ Be6 21. Bc4 d5 22. exd5 cxd5 23. Nxd5 Nxd5 24. Bxd5 Bxd5 25. Qxd5+ Kh7 26. b5 g5 27. bxa6 gxh4 28. Qb7 Rxa6 29. c6 Qxb7 30. cxb7 Rb8 31. Nb3 Rb6 32. Na5 e4 33. fxe4 fxe4 34. Rf7 Kg6 35. Re7 e3 36. Rc6+ 1-0

[Event "Barcelona Sant Marti op-B 20th"]
[Site "Barcelona"]
[Date "2018.07.21"]
[Round "9"]
[White "Escofet Llongueras, Joan"]
[Black "Serentill Tost, Eduard"]
[Result "1-0"]
[WhiteElo "1623"]
[BlackElo "1745"]
[PlyCount "56"]
[EventDate "2018.07.13"]
[EventType "swiss"]
[EventRounds "9"]
[EventCountry "ESP"]
[SourceTitle "EXT 2019"]
[Source "ChessBase"]
[SourceDate "2018.10.10"]
[SourceVersion "1"]
[SourceVersionDate "2018.10.10"]
[SourceQuality "1"]

1. c4 Nf6 2. Nc3 g6 3. g3 Bg7 4. Bg2 d6 5. e4 0-0 6. Nge2 e5 7. 0-0 Nc6 8. d3 Be6 9. h3 a6 10. Be3 h6 11. Nd5 Nd7 12. Qd2 Kh7 13. f4 Bxd5 14. cxd5 exf4 15. gxf4 Ne7 16. d4 f5 17. e5 Nb6 18. Nc3 dxe5 19. dxe5 Nc4 20. Qe2 Nxe3 21. Qxe3 c6 22. d6 Nc8 23. Rad1 Qb6 24. Kf2 Qxb2+ 25. Rd2 Qb6 26. Rb1 Qxe3+ 27. Kxe3 Rf7 28. d7 Nd6 1-0

[Event "Barcelona Sant Marti op-B 20th"]
[Site "Barcelona"]
[Date "2018.07.19"]
[Round "7"]
[White "Hovakimyan, Narek"]
[Black "Serentill Tost, Eduard"]
[Result "1-0"]
[WhiteElo "1868"]
[BlackElo "1745"]
[PlyCount "21"]
[EventDate "2018.07.13"]
[EventType "swiss"]
[EventRounds "9"]
[EventCountry "ESP"]
[SourceTitle "EXT 2019"]
[Source "ChessBase"]
[SourceDate "2018.10.10"]
[SourceVersion "1"]
[SourceVersionDate "2018.10.10"]
[SourceQuality "1"]

1. e4 e6 2. d4 d5 3. Nc3 Nf6 4. e5 Nfd7 5. Nf3 c5 6. Bg5 f6 7. exf6 gxf6 8. Bf4 cxd4 9. Ng5 Qe7 10. Qh5+ Kd8 11. Nf7+ 1-0

[Event "Barcelona Sant Marti op-B 20th"]
[Site "Barcelona"]
[Date "2018.07.17"]
[Round "5"]
[White "Ruiz Puerta, Jon Ander"]
[Black "Serentill Tost, Eduard"]
[Result "1/2-1/2"]
[WhiteElo "1616"]
[BlackElo "1745"]
[PlyCount "64"]
[EventDate "2018.07.13"]
[EventType "swiss"]
[EventRounds "9"]
[EventCountry "ESP"]
[SourceTitle "EXT 2019"]
[Source "ChessBase"]
[SourceDate "2018.10.10"]
[SourceVersion "1"]
[SourceVersionDate "2018.10.10"]
[SourceQuality "1"]

1. d4 Nf6 2. Nf3 g6 3. Bf4 Bg7 4. e3 0-0 5. Be2 d6 6. h3 Nbd7 7. c3 b6 8. 0-0 Bb7 9. Nbd2 Re8 10. Nc4 c5 11. Qb3 Bd5 12. Qc2 a6 13. a4 Rc8 14. Ncd2 cxd4 15. exd4 e5 16. dxe5 dxe5 17. Bh2 e4 18. Nd4 Nc5 19. b4 Nd3 20. Bxd3 exd3 21. Qxd3 Ne4 22. Nxe4 Bxe4 23. Qd2 Rxc3 24. Qxc3 Bxd4 25. Qc7 Qxc7 26. Bxc7 Bxa1 27. Rxa1 Re6 28. a5 b5 29. Bb6 Bd3 30. Rc1 Bc4 31. Rd1 Re8 32. Rd7 Ra8 1/2-1/2

[Event "Barcelona Sant Marti op-B 20th"]
[Site "Barcelona"]
[Date "2018.07.16"]
[Round "4"]
[White "Serentill Tost, Eduard"]
[Black "Gomez Fernandez, Miquel"]
[Result "1-0"]
[WhiteElo "1745"]
[BlackElo "1485"]
[PlyCount "53"]
[EventDate "2018.07.13"]
[EventType "swiss"]
[EventRounds "9"]
[EventCountry "ESP"]
[SourceTitle "EXT 2019"]
[Source "ChessBase"]
[SourceDate "2018.10.10"]
[SourceVersion "1"]
[SourceVersionDate "2018.10.10"]
[SourceQuality "1"]

1. e4 c5 2. Nf3 Nc6 3. d4 cxd4 4. Nxd4 e5 5. Nb5 a6 6. Nd6+ Bxd6 7. Qxd6 Qe7 8. Qd1 h6 9. Nc3 Nf6 10. Be2 0-0 11. 0-0 d6 12. Be3 Be6 13. Nd5 Bxd5 14. exd5 Nb8 15. c4 Nbd7 16. Rc1 Rac8 17. b4 Ne4 18. f3 Ng5 19. Qc2 f5 20. c5 dxc5 21. bxc5 Rf6 22. d6 Qe8 23. Qb3+ Kh8 24. Qxb7 f4 25. c6 Rb8 26. cxd7 Nh3+ 27. Kh1 1-0

[Event "Barcelona Sant Marti op-B 20th"]
[Site "Barcelona"]
[Date "2018.07.14"]
[Round "2"]
[White "Serentill Tost, Eduard"]
[Black "Zaiats, Vladimir"]
[Result "0-1"]
[WhiteElo "1745"]
[BlackElo "1943"]
[PlyCount "70"]
[EventDate "2018.07.13"]
[EventType "swiss"]
[EventRounds "9"]
[EventCountry "ESP"]
[SourceTitle "EXT 2019"]
[Source "ChessBase"]
[SourceDate "2018.10.10"]
[SourceVersion "1"]
[SourceVersionDate "2018.10.10"]
[SourceQuality "1"]

1. e4 e5 2. Nf3 Nf6 3. Nxe5 d6 4. Nf3 Nxe4 5. Nc3 Nf6 6. d4 d5 7. Qe2+ Be7 8. Bg5 0-0 9. 0-0-0 Be6 10. h3 Nbd7 11. g4 Re8 12. Bg2 Ne4 13. Nxe4 dxe4 14. Bxe7 exf3 15. Qxf3 Qxe7 16. d5 Ne5 17. Qe4 Bd7 18. Rhe1 Qd6 19. Qd4 Ng6 20. Be4 a5 21. Re3 Rad8 22. Rde1 c5 23. Qd2 Ne5 24. Qe2 Ng6 25. Bxg6 hxg6 26. c4 Rxe3 27. fxe3 b5 28. e4 Qe5 29. Qd2 bxc4 30. Qxa5 Rb8 31. Re2 Bb5 32. Qc3 Qf4+ 33. Kb1 Re8 34. e5 Qf1+ 35. Re1 Qd3+ 0-1

[Event "Barcelona Sant Marti op-B 20th"]
[Site "Barcelona"]
[Date "2018.07.13"]
[Round "1"]
[White "Bernat Mor, Juli"]
[Black "Serentill Tost, Eduard"]
[Result "0-1"]
[WhiteElo "1370"]
[BlackElo "1745"]
[PlyCount "108"]
[EventDate "2018.07.13"]
[EventType "swiss"]
[EventRounds "9"]
[EventCountry "ESP"]
[SourceTitle "EXT 2019"]
[Source "ChessBase"]
[SourceDate "2018.10.10"]
[SourceVersion "1"]
[SourceVersionDate "2018.10.10"]
[SourceQuality "1"]

1. d4 Nf6 2. c4 g6 3. Nc3 Bg7 4. Nf3 d6 5. e4 0-0 6. Be2 Nbd7 7. 0-0 e5 8. d5 Nc5 9. Bg5 h6 10. Bxf6 Bxf6 11. Qd2 Bg7 12. b4 Nd7 13. Qe3 f5 14. exf5 gxf5 15. Rfd1 f4 16. Qe4 Nf6 17. Qc2 Bd7 18. Bd3 e4 19. Nxe4 Nxe4 20. Bxe4 Bxa1 21. Bh7+ Kh8 22. Rxa1 Qf6 23. Rd1 Bf5 24. Bxf5 Qxf5 25. Qc3+ Qf6 26. Qd2 Rg8 27. Nd4 Qg5 28. f3 Qe5 29. Ne6 Qe3+ 30. Kf1 Qxd2 31. Rxd2 Rac8 32. Nxf4 Rg5 33. Ne6 Re5 34. f4 Re4 35. g3 Rxc4 36. f5 Rxb4 37. f6 Kg8 38. Rf2 Kf7 39. h3 c5 40. g4 c4 41. g5 c3 42. g6+ Kxg6 43. f7 Rb2 44. f8Q Rxf8 45. Nxf8+ Kh5 46. Rf3 c2 47. Rc3 Rb1+ 48. Ke2 c1Q 49. Rxc1 Rxc1 50. Ne6 Rc2+ 51. Kd3 Rxa2 52. Nf4+ Kh4 53. Ne2 Rxe2 54. Kxe2 Kxh3 0-1

[Event "Barcelona Primavera La Lira op 11th"]
[Site "Barcelona"]
[Date "2018.05.17"]
[Round "6"]
[White "Serentill Tost, Eduard"]
[Black "Orts Gonzalez, Rafael"]
[Result "1-0"]
[WhiteElo "1659"]
[BlackElo "1119"]
[PlyCount "103"]
[EventDate "2018.04.12"]
[EventType "swiss"]
[EventRounds "9"]
[EventCountry "ESP"]
[SourceTitle "CBM 184 Extra"]
[Source "ChessBase"]
[SourceDate "2018.06.28"]
[SourceVersion "1"]
[SourceVersionDate "2018.06.28"]
[SourceQuality "1"]

1. e4 e5 2. Nf3 Nc6 3. Bb5 Nge7 4. 0-0 a6 5. Ba4 g6 6. c3 Bh6 7. d4 Bxc1 8. Qxc1 b5 9. Bc2 d6 10. Qh6 Na5 11. Ng5 Ng8 12. Qg7 Qf6 13. Qxf6 Nxf6 14. f4 h6 15. Nxf7 Rh7 16. fxe5 Rxf7 17. Rxf6 Nc4 18. Bb3 Bb7 19. Rxf7 Kxf7 20. Bxc4+ bxc4 21. exd6 cxd6 22. Nd2 d5 23. Rf1+ Ke6 24. e5 Rg8 25. Rf6+ Ke7 26. Nf3 Rf8 27. Rxg6 Bc8 28. Rxh6 Bf5 29. Rxa6 Bd3 30. Ra7+ Ke6 31. Ng5+ Kf5 32. Rf7+ Rxf7 33. Nxf7 Ke6 34. Ng5+ Kf5 35. Nf3 Kg4 36. e6 Bc2 37. Ne5+ Kf5 38. e7 Ba4 39. b3 cxb3 40. axb3 Be8 41. Kf2 Kf6 42. c4 Kxe7 43. c5 Bb5 44. g4 Kf6 45. h4 Kg7 46. b4 Kh6 47. c6 Ba6 48. Nf7+ Kg6 49. Nd6 Kf6 50. c7 Ke7 51. c8Q Bxc8 52. Nxc8+ 1-0

[Event "Barcelona Primavera La Lira op 11th"]
[Site "Barcelona"]
[Date "2018.05.03"]
[Round "4"]
[White "Serentill Tost, Eduard"]
[Black "Costa Trave, Jaume"]
[Result "1-0"]
[WhiteElo "1659"]
[BlackElo "1950"]
[PlyCount "129"]
[EventDate "2018.04.12"]
[EventType "swiss"]
[EventRounds "9"]
[EventCountry "ESP"]
[SourceTitle "CBM 184 Extra"]
[Source "ChessBase"]
[SourceDate "2018.06.28"]
[SourceVersion "1"]
[SourceVersionDate "2018.06.28"]
[SourceQuality "1"]

1. e4 e6 2. d4 d5 3. Nc3 Bb4 4. e5 c5 5. Bd2 cxd4 6. Nb5 Bc5 7. Qg4 Kf8 8. f4 a6 9. Na3 Nh6 10. Qf3 Nc6 11. Ne2 Nf5 12. g4 Nfe7 13. 0-0-0 b5 14. h4 b4 15. Nb1 a5 16. Bh3 a4 17. g5 b3 18. cxb3 axb3 19. a3 Qc7 20. Be1 Bb6 21. Qxb3 Nxe5+ 22. Qc2 Qxc2+ 23. Kxc2 d3+ 24. Rxd3 Nxd3 25. Kxd3 Ba6+ 26. Kd2 Ng6 27. f5 exf5 28. Bxf5 Ne5 29. Nec3 Nc4+ 30. Kc1 Be3+ 31. Kc2 d4 32. Nd5 Bb7 33. Bb4+ Ke8 34. Be4 Rc8 35. Kb3 Nb6 36. Nf6+ gxf6 37. Bxb7 Rc7 38. Ba6 Nd7 39. gxf6 Rg8 40. Bd3 h6 41. Re1 Nc5+ 42. Bxc5 Rxc5 43. Nd2 Kd7 44. Ne4 Rb8+ 45. Ka2 Rc1 46. Rxc1 Bxc1 47. b3 Ke6 48. Nc5+ Kd6 49. b4 Ra8 50. a4 Ke5 51. b5 Kd6 52. Ne4+ Kd5 53. Kb3 Bf4 54. Kb4 Bd6+ 55. Nxd6 Kxd6 56. b6 Re8 57. a5 Re1 58. a6 Kc6 59. a7 Kb7 60. Ba6+ Ka8 61. Bc4 Rb1+ 62. Kc5 Rc1 63. Kxd4 Rd1+ 64. Ke5 Rd8 65. Bd5+ 1-0

[Event "Maresme op 14th"]
[Site "Maresme"]
[Date "2017.11.18"]
[Round "7"]
[White "Serentill Tost, Eduard"]
[Black "Fernandez Herrera, Aleix"]
[Result "1/2-1/2"]
[WhiteElo "1641"]
[BlackElo "1419"]
[PlyCount "126"]
[EventDate "2017.09.30"]
[EventType "swiss"]
[EventRounds "9"]
[EventCountry "ESP"]
[SourceTitle "CBM 181 Extra"]
[Source "ChessBase"]
[SourceDate "2017.12.12"]
[SourceVersion "1"]
[SourceVersionDate "2017.12.12"]
[SourceQuality "1"]

1. e4 e6 2. d4 d5 3. Nc3 Bb4 4. e5 c5 5. Bd2 Nh6 6. Nb5 0-0 7. c3 Ba5 8. Bxh6 gxh6 9. dxc5 Nc6 10. Qg4+ Qg5 11. Qxg5+ hxg5 12. b4 Bd8 13. Nf3 g4 14. Nfd4 Nxe5 15. Be2 Bd7 16. Nd6 b6 17. h3 f5 18. c6 gxh3 19. cxd7 Nxd7 20. gxh3 e5 21. Nb3 a6 22. Rg1+ Kh8 23. Bh5 h6 24. Nf7+ Kh7 25. Nxd8 Raxd8 26. Kd2 Rg8 27. Rg3 Rxg3 28. fxg3 Rg8 29. Rg1 f4 30. g4 Nf6 31. Bf7 Rg7 32. Be6 Rc7 33. Nc1 Ne4+ 34. Kc2 Rxc3+ 35. Kb2 Rxh3 36. Bxd5 Nf6 37. Be6 Rg3 38. Re1 Nxg4 39. Bxg4 Rxg4 40. Rxe5 Rg5 41. Re6 Rg6 42. Rxg6 Kxg6 43. Kc3 h5 44. Kd4 h4 45. Ke4 h3 46. Kf3 Kf5 47. Nd3 Kg5 48. Nf2 Kh4 49. Kxf4 h2 50. Kf3 Kg5 51. Kg2 Kf4 52. Kxh2 Ke3 53. Kg2 Kd4 54. Kf3 Kc4 55. Ke3 Kxb4 56. Nd3+ Ka3 57. Nc1 Kb2 58. Kd2 a5 59. Kd1 b5 60. Kd2 a4 61. Kd1 b4 62. Kd2 b3 63. axb3 axb3 1/2-1/2

[Event "Badalona op-B 43rd"]
[Site "Badalona"]
[Date "2017.08.02"]
[Round "1"]
[White "Serentill Tost, Eduard"]
[Black "Daimiel Bescos, Eleuterio"]
[Result "1/2-1/2"]
[WhiteElo "1619"]
[BlackElo "1910"]
[PlyCount "55"]
[EventDate "2017.08.02"]
[EventType "swiss"]
[EventRounds "9"]
[EventCountry "ESP"]
[SourceTitle "EXT 2019"]
[Source "ChessBase"]
[SourceDate "2018.10.10"]
[SourceVersion "1"]
[SourceVersionDate "2018.10.10"]
[SourceQuality "1"]

1. e4 e5 2. Nf3 Nc6 3. Bb5 a6 4. Ba4 Nf6 5. 0-0 Be7 6. Re1 b5 7. Bb3 0-0 8. d4 d6 9. c3 Bg4 10. d5 Na5 11. Bc2 h6 12. Nbd2 Nh7 13. h3 Bh5 14. Nf1 Ng5 15. N1h2 Qd7 16. Qd3 Bg6 17. Nxg5 Bxg5 18. Bxg5 hxg5 19. Qg3 c6 20. Qxg5 cxd5 21. Re2 dxe4 22. Bxe4 Bxe4 23. Rxe4 f6 24. Qg6 Qf7 25. Qg3 f5 26. Re2 Qh5 27. Qf3 Qxf3 28. Nxf3 1/2-1/2

[Event "Barcelona Sant Marti op-B 19th"]
[Site "Barcelona"]
[Date "2017.07.20"]
[Round "8"]
[White "Volart Buil, Jordi"]
[Black "Serentill Tost, Eduard"]
[Result "0-1"]
[WhiteElo "1754"]
[BlackElo "1639"]
[PlyCount "63"]
[EventDate "2017.07.13"]
[EventType "swiss"]
[EventRounds "9"]
[EventCountry "ESP"]
[SourceTitle "EXT 2018"]
[Source "ChessBase"]
[SourceDate "2017.10.13"]
[SourceVersion "1"]
[SourceVersionDate "2017.10.13"]
[SourceQuality "1"]

1. d4 Nf6 2. c4 g6 3. Nc3 Bg7 4. f3 0-0 5. e4 d6 6. Be3 Nc6 7. a3 e5 8. d5 Ne7 9. Qd2 Nd7 10. g4 f5 11. gxf5 gxf5 12. exf5 Nxf5 13. Ne4 Nxe3 14. Qxe3 Qh4+ 15. Qf2 Qxf2+ 16. Kxf2 Nb6 17. b3 Bf5 18. Bd3 c6 19. dxc6 bxc6 20. Rd1 d5 21. cxd5 cxd5 22. Ng3 Bxd3 23. Rxd3 e4 24. Rd2 e3+ 25. Kxe3 Bh6+ 26. Kd3 Bxd2 27. Kxd2 Rae8 28. N1e2 Rxf3 29. Nd4 Rf2+ 30. Nge2 Kh8 31. h4 Nd7 32. Rh3 0-1